How to write reports and proposals: create attention-grabbing documents that achieve your goals (Record no. 365934)
[ view plain ]
| 000 -LEADER | |
|---|---|
| fixed length control field | 00623nam a22001937a 4500 |
| 003 - CONTROL NUMBER IDENTIFIER | |
| control field | 0 |
| 005 - DATE AND TIME OF LATEST TRANSACTION | |
| control field | 20240321132051.0 |
| 008 - FIXED-LENGTH DATA ELEMENTS--GENERAL INFORMATION | |
| fixed length control field | 240321b xxu||||| |||| 00| 0 eng d |
| 020 ## - INTERNATIONAL STANDARD BOOK NUMBER | |
| International Standard Book Number | 978-1-3986-0610-4 |
| 050 ## - LIBRARY OF CONGRESS CALL NUMBER | |
| Classification number | HF 5719 |
| Item number | .F67 2022 |
| 100 ## - MAIN ENTRY--PERSONAL NAME | |
| Personal name | Forsyth, Patrick |
| 245 ## - TITLE STATEMENT | |
| Title | How to write reports and proposals: create attention-grabbing documents that achieve your goals |
| Statement of responsibility, etc | Forsyth, Patrick |
| 260 ## - PUBLICATION, DISTRIBUTION, ETC. (IMPRINT) | |
| Place of publication, distribution, etc | United Kingdom |
| Name of publisher, distributor, etc | Kogan page limited |
| Date of publication, distribution, etc | C2022 |
| 300 ## - PHYSICAL DESCRIPTION | |
| Extent | vii, 144p. |
| Dimensions | 20cm. |
| 500 ## - GENERAL NOTE | |
| General note | Business report writing. |
| 501 ## - WITH NOTE | |
| With note | Proposal writing in business. |
| 501 ## - WITH NOTE | |
| With note | Business writing. |
| 942 ## - ADDED ENTRY ELEMENTS (KOHA) | |
| Source of classification or shelving scheme | Library of Congress Classification |
| Koha item type | Books |
| Withdrawn status | Lost status | Source of classification or shelving scheme | Damaged status | Home library | Current library | Shelving location | Date acquired | Source of acquisition | Sub Shelving location | Total Checkouts | Full call number | Barcode | Date last seen | Price effective from | Koha item type |
|---|---|---|---|---|---|---|---|---|---|---|---|---|---|---|---|
| Library of Congress Classification | College Library | College Library | Reserve Section | 03/21/2024 | Library Fund | HF 5719 .F67 2022 | C23284 | 03/21/2024 | 03/21/2024 | Books |